000 00871nam a2200253Ia 4500
008 100315s9999 xx 000 0 und d
020 _a81-7194-320-9 
040 _cENGLISH 
082 _b4673 
_a336.294 
100 _a"DATEY,V.S. "
245 _aINDIRECT TAXES: LAW AND PRACTICE-2004
260 _aNew Delhi 
_bTaxmann  
_c2004 
300 _a1007P 
365 _eRupees 
_d
_b229.50 
366 _f15 
505 _gDYK 
530 _bLAXMI BOOK DEPOT 367/20.05.2004 
_a367/20.05.2004 
536 _a01/04/2004-31/03/2005 
620 _a"CENTRAL EXCISE - ACT,RULES, FORMS,NOTIFICATIONS CUSTOMS - ACT,FORMS, TARIFF ACT CENTRAL SALES TAX ACT,SERVICE TAX, CONSTITUTIONS OF INDIA. "
630 _aINDIRECT TAXES: LAW AND PRACTICE-2004
650 _aINDIRECT TAXES 
730 _aINDIRECT TAXES: LAW AND PRACTICE-2004
942 _cBOOK
999 _c479408
_d479405